| 000 | 00574nam a2200205 a 4500 | ||
|---|---|---|---|
| 001 | 3417 | ||
| 003 | CDMR | ||
| 005 | 20131121175515.0 | ||
| 008 | 130130s1978||||||||||||||||||||||||||||d | ||
| 020 | _a8425207312 | ||
| 040 |
_aCDMR _bcat _cCDMR |
||
| 245 | 0 | 0 |
_aSemiología de la representación _b: teatro, televisión, cómic _cAndré Helbo et alt. |
| 260 |
_aBarcelona _c1978 _bGustavo Gili |
||
| 300 | _a198 p. | ||
| 490 | 0 | _aComunicación Visual | |
| 650 | 0 | 4 |
_93737 _aComunicació visual |
| 650 | 0 | 4 |
_91282 _aSemiòtica |
| 700 | 1 |
_92464 _aHelbo, André |
|
| 942 |
_cMON _2udc |
||
| 999 |
_c3417 _d3417 |
||